Zvýšenie kvality slovenského vysokého školstva zmenou systému jeho financovania

Návrh zmien v súčasnom systéme financovania vysokých škôl so zameraním na zvýšenie kvality výučby a na zvýšenie šance absolventov vysokých škôl nájsť si po ukončení štúdia prácu vo vyštudovanom odbore. Dôvody nekvality slovenského vysokého školstva. Navrhované zmeny v slovenskom vysokom školstve.

Guardado en:
Detalles Bibliográficos
Autor principal: Bartalosová, Erika, 1986-
Formato: Capítulo de libro
Lenguaje:eslovaco
Materias:
Etiquetas: Agregar Etiqueta
Sin Etiquetas, Sea el primero en etiquetar este registro!

MARC

LEADER 00000nla a2200000 4500
001 0170026
005 20240502072938.1
041 0 |a slo 
044 |a SK 
245 1 0 |a Zvýšenie kvality slovenského vysokého školstva zmenou systému jeho financovania  |c Erika Bartalosová 
520 |a Návrh zmien v súčasnom systéme financovania vysokých škôl so zameraním na zvýšenie kvality výučby a na zvýšenie šance absolventov vysokých škôl nájsť si po ukončení štúdia prácu vo vyštudovanom odbore. Dôvody nekvality slovenského vysokého školstva. Navrhované zmeny v slovenskom vysokom školstve. 
610 2 0 |a vzdelávanie vysokoškolské 
610 2 0 |a školy vysoké 
610 2 0 |a financovanie školstva 
610 2 0 |a absolventi 
610 2 0 |a zamestnanosť 
100 1 |a Bartalosová, Erika, 1986-